Math achievements in group work and individual seatwork / (Record no. 97729)
[ view plain ]
| 000 -LEADER | |
|---|---|
| fixed length control field | 00852nam a2200217 a 4500 |
| 003 - CONTROL NUMBER IDENTIFIER | |
| control field | 0 |
| 005 - DATE AND TIME OF LATEST TRANSACTION | |
| control field | 20250317131109.0 |
| 008 - FIXED-LENGTH DATA ELEMENTS--GENERAL INFORMATION | |
| fixed length control field | 071127s19uu xx 00 eng d |
| 050 ## - LIBRARY OF CONGRESS CALL NUMBER | |
| Classification number | PGS QA 11.2.S78 |
| Item number | .K49 2007 |
| 100 ## - MAIN ENTRY--PERSONAL NAME | |
| Personal name | Kim, E-sul. |
| 245 ## - TITLE STATEMENT | |
| Title | Math achievements in group work and individual seatwork / |
| Statement of responsibility, etc | E-sul Kim. |
| 260 ## - PUBLICATION, DISTRIBUTION, ETC. (IMPRINT) | |
| Place of publication, distribution, etc | Las Piñas City, Philippines : |
| Name of publisher, distributor, etc | Southville International School and Colleges, |
| Date of publication, distribution, etc | 2007. |
| 300 ## - PHYSICAL DESCRIPTION | |
| Extent | 23 pages : |
| Other physical details | illustrations ; |
| Dimensions | 28 cm. |
| 504 ## - BIBLIOGRAPHY, ETC. NOTE | |
| Bibliography, etc | Includes bibliographical references. |
| 650 ## - SUBJECT ADDED ENTRY--TOPICAL TERM | |
| Topical term or geographic name as entry element | Mathematics |
| Form subdivision | Study and teaching |
| -- | Effectiveness of study tasks. |
| 650 ## - SUBJECT ADDED ENTRY--TOPICAL TERM | |
| Topical term or geographic name as entry element | Academic achievement |
| Form subdivision | Mathematics. |
| 650 ## - SUBJECT ADDED ENTRY--TOPICAL TERM | |
| Topical term or geographic name as entry element | Learning strategies |
| Form subdivision | Mathematics education. |
| 650 ## - SUBJECT ADDED ENTRY--TOPICAL TERM | |
| Topical term or geographic name as entry element | Group work in education |
| Form subdivision | Effect on learning. |
| 650 ## - SUBJECT ADDED ENTRY--TOPICAL TERM | |
| Topical term or geographic name as entry element | Individualized instruction in mathematics. |
| 942 ## - ADDED ENTRY ELEMENTS (KOHA) | |
| Source of classification or shelving scheme | Library of Congress Classification |
| Koha item type | PASS |
| Withdrawn status | Lost status | Source of classification or shelving scheme | Damaged status | Home library | Current library | Shelving location | Date acquired | Source of acquisition | Total Checkouts | Full call number | Barcode | Date last seen | Price effective from | Koha item type |
|---|---|---|---|---|---|---|---|---|---|---|---|---|---|---|
| Library of Congress Classification | Luxembourg Library | Luxembourg Library | Portfolio Assessment of SISC Students Section | 11/27/2007 | Donation | PGS QA 11.2.S78 .K49 2007 | P1784 | 04/08/2014 | 04/08/2014 | PASS |